Завещание: повести, рассказ; Земля Ивана Егорыча; Завещание; Тростинка на ветру; Моя военная пора
| Autor Principal: | |
|---|---|
| Outros autores: | |
| Summary: | В книгу «Завещание» вошли четыре небольшие повести, написанные выдающимся советским писателем, Героем Социалистического Труда Г. Марковым за последние годы. Они разные по теме, но один общий мотив проходит через все произведения - любовь к Родине, к земле, мирного предназначения человека на этой земле. В основу повести «Моя военная пора» положены записные книжки автора. Они воскрешают события тридцатипятилетней давности, рассказывают, какой ценой нам досталась победа над Квантунской армией. Повесть «Завещание» - о двух товарищах, которые дали «клятву дружбы»: если погибнет один, то другой возьмет на себя заботы о семье погибшего, продолжит начатое дело. «Тростинка на ветру» и «Земля Ивана Егорыча» - о нашей современности. |
| Idioma: | ruso |
| Publicado: |
Москва, Советский писатель, 1981
|
| TOC: | Земля Ивана Егорыча; Завещание; Тростинка на ветру; Моя военная пора; |
| Subjects: | |
| Formato: | MixedMaterials Libro |
| KOHA link: | https://koha.lib.tpu.ru/cgi-bin/koha/opac-detail.pl?biblionumber=122884 |
MARC
| LEADER | 00000nam0a2200000 4500 | ||
|---|---|---|---|
| 001 | 122884 | ||
| 005 | 20231101215755.0 | ||
| 020 | |a RU |b 81-17585 | ||
| 035 | |a (RuTPU)RU\TPU\book\133030 | ||
| 090 | |a 122884 | ||
| 100 | |a 20071010d1981 m y0rusy5003 ca | ||
| 101 | 0 | |a rus | |
| 102 | |a RU | ||
| 105 | |a c z 000ay | ||
| 200 | 1 | |a Завещание |e повести, рассказ |f Г. М. Марков |g худож. Е. Дробязин | |
| 210 | |a Москва |c Советский писатель |d 1981 | ||
| 215 | |a 272 с. |c портр. | ||
| 318 | |5 63413507 |a "Томск - любовь моя и судьба" - творчество писателей-томичей |b выставка | ||
| 330 | |a В книгу «Завещание» вошли четыре небольшие повести, написанные выдающимся советским писателем, Героем Социалистического Труда Г. Марковым за последние годы. Они разные по теме, но один общий мотив проходит через все произведения - любовь к Родине, к земле, мирного предназначения человека на этой земле. В основу повести «Моя военная пора» положены записные книжки автора. Они воскрешают события тридцатипятилетней давности, рассказывают, какой ценой нам досталась победа над Квантунской армией. Повесть «Завещание» - о двух товарищах, которые дали «клятву дружбы»: если погибнет один, то другой возьмет на себя заботы о семье погибшего, продолжит начатое дело. «Тростинка на ветру» и «Земля Ивана Егорыча» - о нашей современности. | ||
| 464 | |t Земля Ивана Егорыча |o рассказ | ||
| 464 | |t Завещание | ||
| 464 | |t Тростинка на ветру | ||
| 464 | |t Моя военная пора |o повести | ||
| 606 | 1 | |a Русская литература современная |2 stltpush |3 (RuTPU)RU\TPU\subj\26373 |9 50316 | |
| 610 | 1 | |a советская литература | |
| 610 | 1 | |a повести | |
| 610 | 1 | |a рассказы | |
| 610 | 1 | |a проза | |
| 675 | |a Р2 |v 3 | ||
| 700 | 1 | |a Марков |b Г. М. |c русский писатель |f 1911-1991 |g Георгий Мокеевич |2 stltpush |3 (RuTPU)RU\TPU\pers\8205 |9 1602 | |
| 702 | 1 | |a Дробязин |b Е. |g Евгений |4 440 | |
| 801 | 0 | |a RU |b RuMRKP |c 19950704 |g psbo | |
| 801 | 1 | |a RU |b 63413507 |c 20071010 |g PSBO | |
| 801 | 2 | |a RU |b 63413507 |c 20221007 |g PSBO | |
| 942 | |c BK | ||